Beginning to write : Writing activities for elementary and intermediate learners

में बचाया:
ग्रंथसूची विवरण
मुख्य लेखक: Brookes, Arthur
स्वरूप: पुस्तक
भाषा:Undetermined
प्रकाशित: Cambridge, U.K. Cambridge University Press 2000
विषय:
टैग : टैग जोड़ें
कोई टैग नहीं, इस रिकॉर्ड को टैग करने वाले पहले व्यक्ति बनें!
Thư viện lưu trữ: Trung tâm Học liệu Trường Đại học Cần Thơ
LEADER 00688nam a2200229Ia 4500
001 CTU_42383
008 210402s9999 xx 000 0 und d
020 |b 186.000đ 
020 |c 29 
082 |a 372.623 
082 |b B872 
100 |a Brookes, Arthur 
245 0 |a Beginning to write : 
245 0 |b Writing activities for elementary and intermediate learners 
245 0 |c Arthur Brookes, Peter Grundy 
260 |a Cambridge, U.K. 
260 |b Cambridge University Press 
260 |c 2000 
650 |a English language 
650 |x Composition and exercises,Study and teaching (Elementary) 
904 |i Minh 
980 |a Trung tâm Học liệu Trường Đại học Cần Thơ